| 000 | 01065nam a2200337Ia 4500 | ||
|---|---|---|---|
| 001 | dia_5915 | ||
| 003 | CHAP | ||
| 005 | 20230829110428.0 | ||
| 008 | 220117s2012 xx 000 0 und d | ||
| 010 | _a177046 | ||
| 020 | _a978-1-118-10766-9 | ||
| 040 | _cCHAP | ||
| 082 | _a616.9201 W37 2012 | ||
| 100 |
_aWassenaar, Trudy M. _9160030 |
||
| 245 |
_aBacteria : the benign, the bad, and the beautiful / _c Trudy M. Wassenaar ; ilustración Karoly Farkas ; fotografía Eshel Ben Jacob |
||
| 260 |
_aEstados Unidos de América : _b Wiley-Blackwell, _c2012 |
||
| 300 | _aix, 215 p. | ||
| 503 | _aC. | ||
| 504 | _aBibliografía: p.195-204 | ||
| 590 | _aQR74.8 W37 2012 | ||
| 650 |
_aBacteria _9154824 |
||
| 650 |
_aBacterias _99318 |
||
| 650 |
_aMicrobiología _975490 |
||
| 650 |
_aMicrobiology _9150556 |
||
| 700 |
_aFarkas, Karoly, il. _9160031 |
||
| 700 |
_aJacob, Eshel Ben, fot. _9160032 |
||
| 901 | _a616.9201 W37 2012 | ||
| 902 | _aM | ||
| 905 | _a5232272012 -usda 8222123322eng16 | ||
| 942 |
_cLIBRO _2ddc |
||
| 999 |
_c177046 _d177046 |
||